| 000 | 02063nam a22004697a 4500 | ||
|---|---|---|---|
| 003 | CHAP | ||
| 005 | 20220329141123.0 | ||
| 008 | 971010s1985 mx a r 00010 spa d | ||
| 010 | _a62918 | ||
| 011 | _a63890 | ||
| 035 | _a68543 | ||
| 040 | _cCHAP | ||
| 082 | 0 | 4 |
_a574.0182 _bS84Y 1980 |
| 100 | 0 | 0 |
_aSteel, Robert George Douglas. _9109567 |
| 245 | 1 |
_aBioestadística _b: principios y procedimientos |
|
| 260 |
_aMéxico, D.F. : _bMcGraw-Hill, _c1985 |
||
| 300 |
_a622 p. _b: gráfs. |
||
| 500 | _aTrad. de: Principles and procedures of statistics a biometrical approach, 2 ed. de 1980 | ||
| 590 |
_aBATCH-UPD _b10 _c20130110 _lUCH01 _h0659 |
||
| 590 |
_aBATCH-UPD _b10 _c20130110 _lUCH01 _h2345 |
||
| 590 |
_aBATCH-UPD _b10 _c20130410 _lUCH01 _h0344 |
||
| 590 |
_aBATCH-UPD _b10 _c20130914 _lUCH01 _h0346 |
||
| 590 |
_aCONVERSION _b10 _c20130109 _lUCH01 _h1334 |
||
| 650 | 1 | 4 |
_aAnálisis de varianza. _95977 |
| 650 | 1 | 4 |
_aBiometría. _912831 |
| 650 | 1 | 4 |
_aDiseños experimentales. _932735 |
| 650 | 1 | 4 |
_aEstadística noparamétrica. _938263 |
| 650 | 1 | 4 |
_aProbabilidades. _991687 |
| 700 | 0 |
_aTorrie, James Hiram. _9114305 |
|
| 901 | _aBK | ||
| 942 | _cLIBRO | ||
| 949 |
_a574.0182 S84Y 1980 _bBC _cLIBRO _d33724000527990 _eLIBRO _h11201 _i68543 _si |
||
| 949 |
_a574.0182 S84Y 1980 _bBC _cLIBRO _d33724000528014 _eLIBRO _fc.2 _h4269 _i68543 _si |
||
| 949 |
_a574.0182 S84Y 1980 _bBC _cLIBRO _d33724000528063 _eLIBRO _fc.9 _h70347 _i68543 _si |
||
| 949 |
_a574.0182 S84Y 1980 _bBC _cLIBRO _d33724000528071 _eLIBRO _fc.8 _h70346 _i68543 _si |
||
| 949 |
_a574.0182 S84Y 1980 _bBC _cLIBRO _d33724000685244 _eLIBRO _fc.7 _h70345 _i68543 _si |
||
| 949 |
_a574.0182 S84Y 1980 _bBC _cLIBRO _d33724000826541 _eLIBRO _fc.3 _h4270 _i68543 _so |
||
| 949 |
_a574.0182 S84Y 1980 _bBC _cLIBRO _d33724000826574 _eLIBRO _fc.4 _h4271 _i68543 _so |
||
| 949 |
_a574.0182 S84Y 1980 _bBC _cLIBRO _d33724000829552 _eLIBRO _fc.5 _h4272 _i68543 _si |
||
| 949 |
_a574.0182 S84y 1980 _bBC _cLIBRO _d33724000885281 _eLIBRO _fc.6 _h4273 _i68543 _si |
||
| 949 |
_a574.0182 S84Y 1980 _bBC _cLIBRO _d33724000904405 _eLIBRO _fc.10 _h77520 _i68543 _si _t23.87 |
||
| 999 |
_c62918 _d62918 |
||